000 00549cam a2200181 a 4500
001 000020750
005 20240301123914.0
008 900906s2015 dr 000 0 spa d
020 _z2070250172
020 _a9789945588651
040 _aDO-SdBNP
_bspa
_cBNPHU
082 _axxx
_bxxx
100 1 _aPérez, Ana Rosa,
_d1956-
_943507
245 1 0 _aAlejandro /
_cAna Rosa Pérez.
260 _aSanto Domingo :
_bEdiciones Rumbo Norte,
_c2015.
300 _a297 p. ;
_c25 cm.
500 _aIncluye datos biográficos del autor en la solapa de la cubierta
999 _c20254
_d20254